Statistics for Sting's career opponents

Click here to take the quiz!

General Stats

  • This quiz has been taken 258 times
    (141 since last reset)
  • The average score is 63 of 141

Answer Stats

Answer% Correct
Hulk Hogan
95%
Triple H
93%
Goldberg
91%
Lex Luger
89%
Ric Flair
89%
Scott Hall
89%
The Big Show
89%
Kevin Nash
86%
Scott Steiner
86%
Booker T
84%
Rick Steiner
84%
Arn Anderson
82%
Seth Rollins
82%
Chris Benoit
80%
Jeff Jarrett
80%
Randy Savage
80%
A.J. Styles
77%
David Flair
77%
Mr. Anderson
77%
"Diamond" Dallas Page
75%
Jeff Hardy
75%
Kurt Angle
75%
Steve Austin
75%
Ron Simmons
73%
Big Van Vader
70%
Bret Hart
70%
Cactus Jack
70%
Matt Hardy
70%
"Ravishing" Rick Rude
70%
The Great Muta
70%
Chavo Guerrero
68%
Barry Windham
66%
"Lord" Steven Regal
66%
Terry Funk
66%
Abyss
64%
Bobby Eaton
64%
Vampiro
64%
Dean Malenko
61%
"Dr. Death" Steve Williams
61%
Kendall Windham
61%
Lance Storm
61%
Shane Douglas
61%
Sid Vicious
61%
Bobby Roode
59%
Brian Pillman
59%
Butch Reed
59%
Kevin Sullivan
59%
Konnan
59%
Meng
59%
Scott Norton
59%
Samoa Joe
57%
Stevie Ray
57%
Jake "The Snake" Roberts
55%
Rob Van Dam
55%
Paul Roma
52%
Terry Taylor
52%
Christian Cage
50%
Dan Spivey
50%
Nikita Koloff
50%
The Barbarian
50%
Avalanche
48%
Brian Knobbs
48%
Chris Kanyon
48%
Christoper Daniels
48%
Eddie Gilbert
48%
Eric Young
48%
Gary Hart
48%
Masahiro Chono
48%
Mike Awesome
48%
Ted Dibiase
48%
Thomas Rich
48%
Billy Kidman
45%
Bubba Rogers
45%
Hugh Morrus
45%
Jay Lethal
45%
Rhino
43%
The Butcher
43%
Brian Adams
41%
Kamala
41%
Matt Morgan
41%
Bam Bam Bigelow
39%
Bill Watts
39%
Gary Young
39%
"Mr. Wonderful" Paul Orndorff
39%
Abdullah the Butcher
36%
Bully Ray
36%
Dick Slater
36%
Johnny B. Badd
36%
Magnus
36%
Mark Callous
36%
Stan Hansen
36%
Barry Horowitz
34%
Disco Inferno
34%
The Wall
34%
Stan Lane
32%
Hernandez
30%
Mike Rotunda
30%
"Wild" Bill Irwin
30%
Wrath
30%
Antonio Inoki
27%
Jushin "Thunder" Liger
27%
Mr. Hughes
27%
Billy Gunn
25%
Brother D-Von
25%
Frankie Kazarian
25%
Kensuke Sasaki
25%
Larry Zbyszko
25%
Super Invader
25%
The Prisoner
25%
Tracy Smothers
25%
Al Perez
23%
Buddy Lee Parker
23%
Shanghai Pierce
23%
Tony Atlas
18%
Austin Aries
16%
Doc Gallows
16%
The Warlord
16%
Bunkhouse Buck
11%
Johnny Grunge
11%
Norman
11%
Hiroshi Hase
9%
Buddy Landell
7%
Craig Pittman
7%
Dick Murdoch
7%
Ethan Carter III
7%
Mike Sanders
7%
Big Sky
5%
Bruiser Mastino
5%
Jeff Gaylord
5%
Kurasawa
5%
Mike Knox
5%
Shiro Koshinaka
5%
The Iron Sheik
5%
Carlito
2%
Ricky Banderas
2%
Steve Keirn
2%
The Demon
2%
Tony Stetson
2%
Black Bart
0%
Jack Victory
0%
Mark Canterbury
0%

Score Distribution

Percentile by Number Answered

Percent of People with Each Score

Your Score History

You have not taken this quiz since the last reset